| 000 | 00805nam a22001817a 4500 | ||
|---|---|---|---|
| 008 | 230706s2023 xxk|||||ol|||o00| 0 eng d | ||
| 041 | _aeng | ||
| 110 | _aParliament | ||
| 245 | _aSupported Housing (Regulatory Oversight) Act 2023 | ||
| 260 | _c2023 | ||
| 520 | _aAn to make provision about the regulation of supported exempt accommodation; to make provision about local authority oversight of, and enforcement powers relating to, the provision of supported exempt accommodation; and for connected purposes | ||
| 650 | _aSUPPORTED HOUSING | ||
| 650 | _aHOUSING | ||
| 650 | _aSUPPORTED HOUSING (REGULATORY OVERSIGHT) ACT 2023 | ||
| 651 | _aUnited Kingdom | ||
| 856 |
_uhttps://www.legislation.gov.uk/ukpga/2023/26/section/2/enacted _zAvailable as enacted on legislation.gov.uk |
||
| 942 | _n0 | ||
| 999 |
_c121599 _d121599 |
||